Fundamental rights and doctrine of sovereignimmunity: Reflection on the Indian Constitution for the protection of human right (Record no. 134350)

MARC details
000 -LEADER
fixed length control field 00451nam a2200145Ia 4500
008 - FIXED-LENGTH DATA ELEMENTS--GENERAL INFORMATION
fixed length control field 230917s9999||||xx |||||||||||||| ||und||
040 ## - CATALOGING SOURCE
-- 201800
Original cataloging agency VIVEKANANDA LIBRARY
041 ## - Language
-- English
082 ## - DDC NUMBER
Classification number 342.7 J559F
100 ## - MAIN ENTRY--PERSONAL NAME
Personal name Jha, R C
245 #0 - TITLE STATEMENT
Title Fundamental rights and doctrine of sovereignimmunity: Reflection on the Indian Constitution for the protection of human right
260 ## - PUBLICATION, DISTRIBUTION, ETC. (IMPRINT)
Place of publication, distribution, etc Delhi
Name of publisher, distributor, etc Sheriden Book Company
Date of publication, distribution, etc 1995
300 ## - PHYSICAL DESCRIPTION
Pages 131 p.
942 ## - ADDED ENTRY ELEMENTS (KOHA)
Koha item type Books
Holdings
Withdrawn status Lost status Damaged status Not for loan Location (home branch) Sublocation or collection (holding branch) Date acquired Koha issues (times borrowed) Koha full call number Accession No. Koha date last seen Koha item type
        VIVEKANANDA LIBRARY VIVEKANANDA LIBRARY 18/08/2012   342.7 J559F 233888 17/09/2023 Books
© Designed and Maintained by Vivekananda Library, MDU Rohtak